[Event "Paris Apsap op 103rd"]
[Site "Paris"]
[Date "2008.08.11"]
[Round "7"]
[White "Goldsztejn, Gildas"]
[Black "Vallejo Pons, Francisco"]
[Result "1/2-1/2"]
[WhiteElo "2374"]
[BlackElo "2650"]
[Annotator "Primel,D"]
[PlyCount "95"]
[EventDate "2008.08.06"]
[EventType "swiss"]
[EventRounds "9"]
[EventCountry "FRA"]
[SourceTitle "EXT 2010"]
[Source "ChessBase"]
[SourceDate "2010.11.25"]
[SourceVersion "1"]
[SourceVersionDate "2010.11.25"]
[SourceQuality "1"]

1. e4 {Goldsztejn était en forme au mois d'août car il a remporté le 104ème
open FIDE deux semaines plus tard.} c5 {la cadence était d'1h40 pour 40
coups+30 s d'incrément, suivi d'un phase ko de 20 mns} 2. Nf3 d6 {Avec 6/6,
l'espagnol continuait son parcours tranquille dans le tournoi et son objectif
de gagner des points ELO avec 100% était réaliste.} 3. d4 cxd4 4. Nxd4 Nf6 5.
Nc3 a6 6. Bg5 e6 7. f4 Qb6 $5 {le GMI a peu d'expérience sur la variante du P
empoisonné avec les noirs selon les bases mais il avait rencontré KASPAROV
dans une partie fameuse avec les blancs.} 8. Qd2 (8. Nb3 {Kamsky,G (2690)
-Vallejo Pons,F (2674) FIDE World Cup 9-12 2005 (6.3) 0-1}) 8... Nc6 $5 {
Cette ligne secondaire est la spécialité du GMI LOGINOV mais elle est moins
excitante que l'acceptation du gambit par Qb2!} (8... Qxb2 9. Rb1 Qa3 10. e5 (
10. f5 {la grande ligne} Nc6 11. fxe6 fxe6 12. Nxc6 bxc6 13. e5 {Vallejo Pons,
F (2666)-Kasparov,G (2817) ARM-ROW m Moscow (2) 1/2}) 10... h6 $6 (10... dxe5
$142) 11. Bxf6 {Del Rio Angelis,S (2492)-Vallejo Pons,F (2674) ESP-ch KO 71st
2006 (2.1) 1/2} (11. Bh4 $142)) 9. O-O-O (9. Bxf6 $5 gxf6 10. Nb3 {Prie,E 
(2445)-Loginov,V (2505) Budapest FS10 GM 1993 (7) 0-1}) 9... Qxd4 {L'échange
des Q est souvent а l'avantage des noirs dans la sicilienne ouverte.} (9... Bd7
10. Be2 {Bauer,T (2410)-Loginov,V (2540) HUN-chT2 9394 1993 0-1} (10. e5 $5))
10. Qxd4 Nxd4 11. Rxd4 Rb8 {(1h23) Le GMI avait joué relativement lentement
l'ouverture mais il n'avait pas indiqué son temps de réflexion pour les coups
précédents.} (11... Bd7 $5 {[%cal Gd7c6]} 12. Be2 Bc6 $1 $11 {[%csl Gc6,Gf8];
Hort,V-Smyslov,V Moscow CCCT 1960 (1) 1/2}) (11... Be7 {La ligne principale}
12. Na4 Bd7 13. Nb6 Rd8 14. Nxd7 Rxd7 15. Be2 h6 16. Bh4 Nh5 17. Bxh5 Bxh4 18.
Rhd1 Bf2 19. R4d3 Ke7 20. Kb1 Rc8 21. Bg4 Rc4 22. Bf3 g6 23. b3 Rcc7 24. Be2
Rd8 25. g4 Bc5 26. Rh3 {Kramnik,V (2777)-Svidler,P (2747)/Wijk aan Zee 2004/
CBM 099/1-0 (49)}) (11... h6 $143 {peut-être une perte de temps car les blancs
jouent souvent cet échange Bf6 sans attendre h7h6} 12. Bxf6 gxf6 {Kengis,E 
(2460)-Yermolinsky,A (2450) URS-ch U26 Jurmala 1983 (11) 1/2}) 12. Be2 (12. e5
$5 $146 dxe5 13. fxe5 Nd7 14. Ne4 $1 {[%cal Gd4d8]} h6 15. Bh4 b5 16. Be2 Bb7
17. Rhd1 Bxe4 18. Rxe4 Be7 (18... Nc5 $6 19. Red4)) 12... b5 $5 $146 {(1h26)
Joué rapidement et il s'agissait donc d'une préparation du GMI.} (12... h6 13.
Bxf6 gxf6 14. Bh5 Be7 15. Rf1 Rg8 16. g3 b5 17. a3 Kf8 18. Nd1 Bb7 19. e5 dxe5
20. fxe5 Rg5 21. exf6 Bc5 22. Rh4 Bg2 23. Re1 Rf5 24. Ne3 Bxe3+ 25. Rxe3 Rxf6
26. Be2 Rd8 27. c4 {Khruschiov,A (2454)-Zagrebelny,S (2482)/Peterhof 2007/CBM
119 ext/1/2-1/2}) (12... Be7 {Stojic,S (1991)-Shipov,S (2592) Sydney op 2007 
(7) 0-1}) 13. a3 $5 {Un coup peut-être pas vu par le GMI dans sa préparation
car il a réfléchi un 1/4 d'h sur cette position.} (13. Rhd1 b4 14. Nb1 Be7 15.
Nd2 e5 $5 {[%csl Rd4]}) (13. e5 {assez risqué pour les blancs car le P isolé
"e5" est assez faible même s'il fait pression sur le camp noir.} dxe5 14. fxe5
Nd7 15. Rhd1 Bc5 (15... h6 16. Bh4 g5 17. Bg3 Bg7 18. Ne4 {[%csl Gd6]} Nxe5 $5
19. Nd6+ (19. Rd8+ Ke7 20. Rxh8 Bxh8 $11) 19... Ke7 $44 {[%csl Re7]}) (15...
Be7 16. Ne4 Bxg5+ 17. Nxg5 Ke7 18. Nxf7 $1 Kxf7 19. Rxd7+ Bxd7 20. Rxd7+ Kg6
21. Bd3+ Kg5 22. Rxg7+ Kf4 23. Bxh7 (23. g3+ Kxe5 $15) 23... Kxe5 24. h4 {
[%csl Gh4][%cal Gh4h8]} Kf6 (24... Ra8 {[%cal Ge5f6]} 25. g4 Kf6 26. Rc7 $14)
25. Ra7 Ra8 26. Rb7 Rhb8 $1 $17)) 13... Nd7 $5 {[%cal Gh7h6] (1h12)} 14. Rhd1
h6 15. Bh4 g5 $1 {[%csl Ge5] (1h06) Un thème courant sur la Najdorf pour
obtenir le contrôle de la case "e5" et qui rappelle la fameuse ronde
d'Interzonal 1955 а Göteborg ou les 3 soviétiques GELLER, SPASSKY ert KERES
affrontaient les argentins PANNO,PILNIK et NAJDORF.  Les 3 parties étaient
identiques dans l'ouverture B98: 1. e4 c5 2. Nf3 d6 3. d4 cxd4 4. Nxd4 Nf6 5.
Nc3 a6 6. Bg5 e6 7. f4 Be7 8. Qf3 h6 9. Bh4 g5!? NT 10. fxg5 Nfd7. Les blancs
ont gagné les 3 parties!} 16. fxg5 Be7 {(1h05)} (16... hxg5 $5 17. Bg3 (17.
Bxg5 Rxh2 18. Bf3 Ne5 $132 {[%csl Ge5]})) 17. Kb1 hxg5 $11 {(1h04)} 18. Bg3 Ne5
{[%csl Ge5][%cal Ge5c4,Ge5g6] Il est difficile pour les blancs de déloger le N
de sa case forte "e5" et les noirs ont au minimum l'égalité} 19. a4 $5 (19. h3
{[%cal Gg3e5]} f6 $1 {[%cal Ge8f7]}) 19... bxa4 $6 {(58mns)} (19... b4 $142 {
Plus simple car après ba4, les noirs ont une faiblesse "a6" difficile а
défendre} 20. Na2 b3 21. Nb4 bxc2+ 22. Nxc2) 20. Rxa4 $14 {[%csl Ra6]} Rb6 21.
Na2 $1 {[%cal Ga4b4,Gb4b6]} Nd7 {(42mns)} 22. Rb4 Rxb4 {(35mns)} (22... d5 $1 {
[%cal Ge7b4]} 23. Rxb6 Nxb6 24. Bf2 Na4 $1 {Le GMI a peut-être envisagé le
coup candidat naturel "d5" mais craignait d'enfermer son N sur b2b3 alors que
les noirs avaient une pointe tactique Rh2 qui tenait la position.} 25. exd5 (
25. b3 Rxh2 $3) 25... Rxh2 26. Bf3 g4 $1 27. Bg1 Rh4 28. Be2 exd5 29. b3 (29.
Rxd5) 29... Nc5 30. Nc3 Bb7 31. Nxd5 Bxd5 32. Rxd5 Rh1 33. Rd1 Ne4 $1 34. Bd4
Rxd1+ 35. Bxd1 {[%csl Gc2][%cal Gc2c8]} f5 36. c4 $14 {La finale est un peu
meilleure pour les blancs а cause de la paire de B et du P passé "c4" mais le
Ne4 a un avant-poste qui donne assez de contre jeu.}) 23. Nxb4 {[%csl Ra6]
[%cal Gb4a6]} Bb7 $6 {[%csl Re4]} (23... Nc5 $142 $1 {[%cal Gc5e4]} 24. e5 (24.
Bxd6 Bxd6 25. Rxd6 Nxe4 $11 {[%cal Ge4d6,Gh8h2]}) 24... dxe5 25. Bxe5 f6 26.
Bg3 Ne4 $132 {[%cal Ge4g3,Ge7b4]}) (23... d5 $5 {[%cal Ge7b4]} 24. Nxa6 dxe4
25. Bb5 Bxa6 $1 26. Bxa6 Nf6 27. Bb5+ Kf8 28. Bc6 $14 {[%csl Gb2,Gc2][%cal
Gg3e5,Gc6e4,Gc2c8]}) 24. Nxa6 Bxe4 $2 (24... Nf6 25. e5 $14) (24... Kf8 $142 {
[%cal Gf8g7]} 25. Bxd6 Bxd6 26. Rxd6 Ke7 27. Rd4 e5 $1 28. Rb4 Bxa6 29. Bxa6
Rxh2 $11) 25. Bb5 $1 $16 {[%csl Rd6,Rd7][%cal Gb5e8,Gg3d6,Gd1d6]} e5 {(=)
Voyant sa position se détériorer, le GMI propose la nulle mais le français
refuse а juste titre car il gagne le B!} 26. Bxd7+ $6 (26. Nb8 $142 $5 {
[%cal Gb5e8]} Bf5 27. Bxe5 $1 dxe5 28. Nxd7 Bxd7 29. Bxd7+ Kf8 30. h3 $16 {
[%csl Gb2,Gc2][%cal Gb2b8,Gc2c8] Il est difficile pour les noirs de sauver
cette finale sauf а pouvoir échanger les R et transposer dans une finale de B
de couleurs opposées.}) 26... Kxd7 27. Nc5+ {[%cal Gc5d7,Gc5e4]} Kc6 28. Nxe4
f5 $1 $44 {[%csl Ge5,Gf5,Gg5][%cal Gf5f4,Gh8h2] Les noirs obtiennent un
contre-jeu assez inespéré!} 29. Nd2 f4 30. Bf2 Rxh2 31. Rg1 $13 {Malgré la
pièce de plus, la position est loin d'être gagnée pour les blancs.} Bf6 {
(21mns)} 32. Ne4 Be7 33. c4 d5 $1 $132 34. cxd5+ Kxd5 35. Nc3+ Kc6 36. Kc2 g4 {
[%csl Gc2][%cal Gh2f2,Gf4f3]} 37. Kd3 g3 (37... f3 38. Ba7 Kb7 39. Be3 Rxg2 40.
Rxg2 fxg2 41. Ke2 Bg5 $1 42. Bg1 Bc1 43. b3 Bb2 44. Na4 Ba1) 38. Ba7 Kb7 39.
Nd5 Bd6 40. Bb6 f3 $1 41. gxf3 Kc6 42. Ke4 Rh4+ 43. f4 $1 exf4 44. Rc1+ Kd7 45.
Kf3 (45. Rd1 $142 {[%cal Gd1d7]} Kc6 (45... Rh2 46. Nxf4) 46. Bd4 g2 47. Rc1+
Kb7 48. Kf3 (48. Bf2 Rh5) 48... Rh1 49. Bg1 $1 $18 {[%cal Gf3g2]}) 45... Rh2
46. b3 (46. Nxf4 Rxb2 47. Bd4 Rb4 48. Ne2) 46... Rb2 (46... g2 47. Nxf4 Bxf4
48. Kxf4 Rh4+ 49. Ke5 Rb4 $11) 47. Rc3 Rb1 48. Nxf4 {[%mdl 4360] Une nulle
difficile pour le GMI qui pouvait perdre la partie.} 1/2-1/2

[Event "RUS-Cup01 Chigorin Memorial"]
[Site "St Petersburg"]
[Date "1996.??.??"]
[Round "6"]
[White "Sulskis, Sarunas"]
[Black "Loskutov, Oleg"]
[Result "1/2-1/2"]
[WhiteElo "2515"]
[BlackElo "2395"]
[Annotator "Shipov,S"]
[PlyCount "74"]
[EventDate "1996.11.??"]
[EventType "swiss"]
[EventRounds "9"]
[EventCountry "RUS"]
[SourceTitle "CBM 056 Extra"]
[Source "ChessBase"]
[SourceDate "1997.03.01"]
[SourceVersion "1"]
[SourceVersionDate "1997.03.01"]
[SourceQuality "1"]

1. e4 c5 2. Nf3 d6 3. d4 cxd4 4. Nxd4 Nf6 5. Nc3 a6 6. Bg5 e6 7. f4 Qb6 8. Qd2
Qxb2 9. Rb1 Qa3 10. f5 Nc6 11. fxe6 fxe6 12. Nxc6 bxc6 13. e5 Nd5 (13... dxe5)
14. Rb3 $5 (14. Nxd5 cxd5 15. Bd3 (15. Be2 dxe5 16. O-O Ra7 17. c4 Qc5+ 18. Kh1
d4 19. Bh5+ g6 20. Bd1 (20. Bg4 h6 21. Bh4 Bd6 22. Bf6 Rg8 23. Qxh6 Rf7 24. Bh4
Qb4 25. Rbc1 Bf8 26. Qg5 Be7 27. Qh6 Bf8 $10 {Rehak,M-Stodola,J/Prague/1993/1:
0/43/}) 20... Be7 21. Ba4+ Kd8 22. Rf7 h6 23. Bxh6 e4 24. h3 e5 25. Bg5 $13 {
Timman,J-Sunye Neto,J/Wijk aan Zee/1980/0.5/69/}) 15... Qc5 $5 (15... dxe5 16.
O-O) 16. Be3 Qc7 17. O-O dxe5 18. Qf2 Bd6 19. Qh4 e4 20. Be2 Be5 21. Bb6 Qd6
22. c4 $146 {Bezgodov,A-Savon,V/Alushta/1993/1:0/36/}) 14... Qa5 (14... Qc5 $2
15. Ne4) 15. Be2 dxe5 (15... Nxc3 16. Rxc3 (16. exd6 Bxd6 $1) 16... Qxe5 17.
O-O $146) 16. O-O Bc5+ (16... Bb4 $2 17. Rxb4 $1 Qxb4 (17... Nxb4 18. Ne4 $40)
18. Nxd5 Qxd2 19. Nc7+ Kd7 20. Rf7+ $18) 17. Kh1 Rf8 (17... Bd4 $2 18. Nxd5 $1
Qxd5 $8 19. Bf3 e4 20. c4 $40) 18. Qd3 $1 Rxf1+ 19. Bxf1 Ra7 $1 (19... h6 $2
20. Qg6+ Kf8 21. Nxd5 cxd5 22. Rf3+ Kg8 23. Bxh6 $18) 20. Ne4 $14 Rb7 (20...
Bf8 $5) 21. Qc4 $2 (21. Nxc5 $1 Qxc5 22. Qxh7 $36 {^^/}) 21... Rxb3 22. axb3
Be7 23. Qxc6+ (23. Bxe7 Nxe7) 23... Bd7 24. Qa8+ (24. Qxa6 Qxa6 25. Bxa6 Nb4
$10) 24... Kf7 25. Qxa6 (25. Bxe7 Kxe7 26. Qxa6 Qxa6 27. Bxa6 Nb4 28. Bd3 Nxd3
29. cxd3 Bb5 $10) 25... Qxa6 26. Bxa6 Nb4 27. Bd3 Nxd3 28. cxd3 Bc6 $10 29. Be3
(29. Bxe7 Bxe4 30. Bd6 (30. dxe4 $2 Kxe7 31. Kg1 Kd6 $19) 30... Bxd3 31. Bxe5
$10) 29... Bb5 30. Nf2 Bb4 31. Kg1 Bc6 32. Ng4 Bd6 33. Bd2 h5 34. Ne3 Bc5 35.
Kf1 Bxe3 36. Bxe3 Bb5 37. Kf2 Bxd3 1/2-1/2

[Event "RUS-Cup01 Chigorin Memorial"]
[Site "St Petersburg"]
[Date "1996.??.??"]
[Round "6"]
[White "Brodsky, Michail"]
[Black "Biriukov, Nikolai"]
[Result "1-0"]
[WhiteElo "2510"]
[BlackElo "2415"]
[Annotator "Shipov,S"]
[PlyCount "61"]
[EventDate "1996.11.??"]
[EventType "swiss"]
[EventRounds "9"]
[EventCountry "RUS"]
[SourceTitle "CBM 056 Extra"]
[Source "ChessBase"]
[SourceDate "1997.03.01"]
[SourceVersion "1"]
[SourceVersionDate "1997.03.01"]
[SourceQuality "1"]

1. e4 c5 2. Nf3 d6 3. d4 cxd4 4. Nxd4 Nf6 5. Nc3 a6 6. Bg5 e6 7. f4 Qb6 8. Qd2
Qxb2 9. Rb1 Qa3 10. Bxf6 (10. f5) 10... gxf6 11. Be2 Nc6 (11... Bg7) 12. Nxc6
bxc6 13. O-O Be7 (13... h5) 14. Kh1 $1 Qa5 (14... O-O 15. f5 Kh8 (15... exf5 $2
16. Rf3 $40) 16. e5 $3 dxe5 $6 (16... d5) 17. Rb3 Qa5 18. Qh6 Rg8 (18... exf5
19. Nd5 Qxd5 20. Rh3 $18) 19. Ne4 Qd8 20. Rh3 Rg7 21. Rd1 Bd7 22. Rhd3 $18 {
Wells,P-Van Wely,L/Linares/1995/1:0/36/}) 15. Qe3 $1 (15. Rb3 h5 16. h3 h4 17.
Rfb1 Kf8 18. Rb6 Bd7 19. Rb7 Qd8 20. Na4 c5 $1 21. Nxc5 Bc6 22. R7b6 dxc5 23.
Qxd8+ Rxd8 24. Rxc6 Bd6 $10 {Meijers,V-Joachim,S/GER/1996/0.5/42/}) (15. Qe1 $6
Ra7 16. Rb8 Qc7 17. Rb3 Rb7 18. Qg3 Rxb3 19. axb3 Qa5 20. Nd1 Kf8 $15 {Brodsky,
M-Zilbershtein,V/St.Petersburg/1993/}) 15... h5 16. Rb3 Kf8 17. Rfb1 h4 18. h3
(18. Rb6 h3 $5) 18... d5 $1 $10 (18... Kg7 19. Rb6 Bd7 20. Rb7 $14) 19. Bf3 (
19. Rb6 $2 Bc5) 19... Bc5 $1 (19... Kg7 20. Ne2 $1 Qc7 (20... Bc5 21. Nd4 $1
$14) 21. Rc3 Qa7 22. Nd4 Bd7 23. Rcb3 Qc5 24. e5 $16 {Timoshenko,G-Biriukov,O/
St.Petersburg/1996/1:0/26/}) 20. Qd3 Kg7 21. f5 $6 (21. Ne2 $1 {/\ Nd4/}) 21...
d4 (21... Qc7 $5 {/\ Qe5,Bd6/}) 22. Ne2 e5 $15 23. g3 $1 hxg3 24. Bg2 Kf8 25.
c3 dxc3 26. Rxc3 Ke7 27. Qc2 Bd6 28. Nxg3 (28. Rxc6 Bd7 29. Rb7 Rhb8 $36 {^^/})
28... Bd7 29. Nf1 $1 Rhd8 (29... Rab8 $5 30. Rd1 Bb4 31. Rcd3 Rhd8) 30. Ne3 Qc7
$4 (30... Rab8 31. Rd1 Bb4 $15) 31. Nd5+ 1-0

[Event "Bayern-chI Bank Hofmann 6th"]
[Site "Bad Wiessee"]
[Date "2002.11.01"]
[Round "7"]
[White "Efimenko, Zahar"]
[Black "Womacka, Mathias"]
[Result "0-1"]
[WhiteElo "2567"]
[BlackElo "2484"]
[Annotator "Teske,H"]
[PlyCount "70"]
[EventDate "2002.10.26"]
[EventType "swiss"]
[EventRounds "9"]
[EventCountry "GER"]
[SourceTitle "EXT 2003"]
[Source "ChessBase"]
[SourceDate "2002.11.25"]
[SourceVersion "1"]
[SourceVersionDate "2002.11.25"]
[SourceQuality "1"]

1. e4 c5 2. Nf3 d6 3. d4 cxd4 4. Nxd4 Nf6 5. Nc3 a6 6. Bg5 e6 7. f4 Qb6 {
Die Bauernraubvariante, die schon vom amerikanischen Weltmeister Bobby Fischer
gern angewandt wurde, gehört seit Jahren zum festen Programm des mehrfachen
DDR-Jugendmeisters aus Chemnitz. Womacka: "Ich habe diese Variante schon
gespielt, da war mein Gegner noch nicht einmal geboren. Damals habe ich noch
gründlich analysiert. Jetzt muß ich hoffen, daß sich in den letzten 20 Jahren
nichts geändert hat."} 8. Qd2 Qxb2 9. Nb3 (9. Rb1 {ist die andere Hauptvariante
}) 9... Nbd7 {Wehrt 10.a4 mit den Drohungen 11. Ta2 und 11.Sd1 ab, worauf nun
10....Sc5 folgen würde.} 10. Bxf6 gxf6 ({Natürlich nicht} 10... Nxf6 $2 11. a4
d5 12. Ra2 Nxe4 13. Rxb2 Nxd2 14. Nxd2 {und Weiß hat eine technische
Gewinnstellung.}) 11. Be2 {Um gelegentlich über h5 ins Spiel einzugreifen.} b5
12. O-O Bb7 {Nun muß sich Weiß der Drohung Ta8-c8 mit Angriff gegen Sc3 und
Bc2 erwehren.} 13. Nd1 ({Nach} 13. Rab1 Qa3 14. Bxb5 $6 axb5 15. Nxb5 Qa4 16.
Nc7+ Kd8 17. Nxa8 Qxa8 $17 {sollte sich der schwarze Materialvorteil
durchsetzen.}) 13... Qa3 14. Nf2 Rc8 15. f5 {[#]} exf5 $1 {Zwar wird die
schwarze Bauernstellung etwas zerrissen, dafür erwacht der Lb7 zum Leben und
dem Sd7 wird das Feld e5 nicht genommen.} 16. exf5 Rg8 17. g3 Ne5 18. Nd3 Qa4 {
Solange die schwarze Dame abseits stand, war der schwarze Materialvorteil
sekundär. Nun droht vernichtend 19....De4} 19. Nb4 (19. Rf4 {scheitert an} Bh6
20. Rxa4 Bxd2 $19) 19... Bh6 20. Qxd6 $5 {Die beste praktische Chance. Weiß
versucht, den schwarzen König unter Druck zu setzen. Dazu muß Weiß den Se5
aushebeln.} (20. Qxh6 Qxb4 $19 {Die schwarzen Figuren dominieren.}) (20. Qd4
Be3+ 21. Qxe3 Qxb4 $17) 20... Be3+ 21. Rf2 {[#]} Rd8 $2 ({Schade, daß Schwarz
nun nicht die letzte Figur aktivierte und sich ein Traumfinale entgehen ließ:} 
21... Rg5 22. Qxf6 Nd7 23. Qh8+ Ke7 24. Nd5+ Bxd5 25. Qxc8 Qe4 $19) 22. Qxf6
Bxf2+ {Nun ist Schwarz aber wieder voll auf der Höhe:} (22... Qxb4 $4 23. Qxe5+
Qe7 24. Bxb5+ axb5 25. Qxe7+ Kxe7 26. Re1 $18) 23. Kxf2 Qxb4 24. Qxe5+ Kf8 {
Ein cleverer Zug. Objektiv ist 24....De7 sicher gleich stark. Aber nun hat
Weiß die Wahl der Qual.} (24... Qe7 25. Qxe7+ Kxe7 26. a4 $17) 25. c3 {Da die
Partie auf ein Endspiel zugeht, sollte Weiß die Verlustfaktoren reduzieren.
Für die im materiellen Nachteil befindliche Seite heißt dies in der Regel:
Bauern tauschen (um Umwandlungen zu vermeiden), Figuren auf dem Brett lassen 
(um beim Bauerntausch zu helfen).} (25. a4 $5) 25... Qe4 26. Qxe4 Bxe4 27. Nd4
Kg7 (27... b4 $2 {ist voreilig.} 28. Ke3) 28. a3 {Das Eingeständnis, daß Weiß
den Damenflügel nicht mehr klären kann.} (28. a4 $6 b4 29. Bxa6 bxc3 $19) 28...
Kf6 29. g4 h5 30. h3 hxg4 $6 {Sicherheitshalber sollte Schwarz den h-Bauern
auf dem Brett behalten.} 31. hxg4 Bb7 32. a4 {Ein taktischer Versuch, doch
noch den Damenflügel zu klären, der jedoch scheitert.} b4 33. Nb3 bxc3 34. Nc5
Rd2 $1 {Sonst folgt 35.Tc1} 35. Rd1 c2 0-1

[Event "EU-chT (Men) 12th"]
[Site "Batumi"]
[Date "1999.12.05"]
[Round "7.2"]
[White "Hracek, Zbynek"]
[Black "Georgiev, Kiril"]
[Result "0-1"]
[WhiteElo "2629"]
[BlackElo "2650"]
[Annotator "Tsesarsky,I"]
[PlyCount "104"]
[EventDate "1999.11.06"]
[EventType "team-swiss"]
[EventRounds "9"]
[EventCountry "GEO"]
[SourceTitle "CBM 074"]
[Source "ChessBase"]
[SourceDate "2000.02.01"]
[SourceVersion "1"]
[SourceVersionDate "2000.02.01"]
[SourceQuality "1"]
[WhiteTeam "Czech Republic"]
[BlackTeam "Bulgaria"]
[WhiteTeamCountry "CZE"]
[BlackTeamCountry "BUL"]

{[%mdl 4]} 1. e4 c5 2. Nf3 d6 3. d4 cxd4 4. Nxd4 Nf6 5. Nc3 a6 6. Bg5 e6 7. f4
Qb6 8. Qd2 Qxb2 9. Rb1 Qa3 10. Bxf6 gxf6 11. Be2 h5 12. O-O Nd7 13. Bf3 (13.
Rf3 Qa5 14. Kh1 (14. Rh3 h4 15. Nf3 Nc5 16. Rxh4 Rxh4 17. Nxh4 Bd7 $132 {
1/2-1/2 Stach,R-Hauptmann,G/cr Eu Mkl 1974 (41)}) 14... Nc5 15. Nb3 Nxb3 16.
cxb3 b5 17. b4 Qb6 18. f5 Be7 19. Rbf1 Bd7 20. Rh3 h4 21. Rf4 Rc8 (21... O-O-O
22. Rfxh4 Rxh4 23. Rxh4 d5 24. exd5 exf5 25. a3 {[%csl Rf5,Rf6,Rf7] 1-0
Zolotonos-Peebo/Riga LAT T-ch-RUS 1968 (40)}) 22. Rfxh4 Rxh4 23. Rxh4 Bf8 24.
Rh8 Qc6 25. Bf1 Ke7 26. Rh3 $132) (13. Nb3 Nc5 14. Kh1 b5 15. Nxc5 (15. Qd4 Be7
16. Bxb5+ axb5 17. Nxb5 Nxb3 18. Nc7+ Kf8 19. Rxb3 Ra4 $19 {0-1 Meyer,
G-Simutowe,A/Zonal 1998 (37)}) 15... Qxc5 16. a4 b4 (16... bxa4 17. Nxa4 Qc6
18. Nb6 Rb8 19. Nxc8 Rxc8 20. Qa5 Be7 21. Bxa6 $16) 17. Na2 d5 $132) (13. Kh1
Qc5 (13... Nc5 14. Rf3 Qa5 15. f5 (15. Nb3 Qc7 16. Nxc5 dxc5 17. f5 Bd7 18.
fxe6 fxe6 19. e5 Qxe5 20. Re3 Bh6 21. Qxd7+ Kxd7 22. Rxe5 fxe5 23. Rxb7+ Kc8 (
23... Kc6 24. Bf3+ e4 25. Bxe4+ Kd6 26. Rb6+ $132 {1/2-1/2 Velimirovic,
D-Tringov,G/Osijek 1978/Inf 26 (34)}) 24. Rb6 Be3 $17) 15... Bd7 16. fxe6 $1 (
16. Nb3 Nxb3 17. Rxb3 Bc6 18. fxe6 fxe6 19. Rxf6 Qe5 $15 {0-1 Jimenez,
E-Tringov,G/Leningrad 1967 (51)}) 16... Bxe6 (16... fxe6 17. Rxf6 Na4 18. Nxe6
Nxc3 (18... Qxc3 19. Rxf8+ Rxf8 20. Qxd6 $18) 19. Rxf8+ (19. Rxb7 Qe5 20. Rxf8+
Rxf8 21. Nxf8 Nxe2 $19) 19... Rxf8 20. Nxf8 b6 (20... Kxf8 21. Qxd6+ Ke8 22.
Rf1 $18) 21. Rf1 $16) 17. Nf5 $14 {[%csl Rd6,Re8,Rf6,Rh5]}) (13... Be7 14. Rf3
Qa5 15. Rh3 h4 16. Qe1 Nc5 17. f5 Bd7 18. Nb3 Nxb3 19. Rxb3 $15 {1/2-1/2
Videki,S-Szekely,P/Solymar 1996 (19)}) 14. Rf3 Be7 15. Rh3 h4 16. f5 Nb6 (16...
Ne5 17. Na4 Qc7 18. Nb6 $16) 17. Nd1 $44 {[%csl Re8][%cal Gh3c3] Simagin-Stein,
L/URS 1961 (17)}) 13... Nc5 14. e5 $5 dxe5 $1 $146 (14... fxe5 $6 15. fxe5 dxe5
(15... d5 16. Bxd5 $1 exd5 17. Nxd5 Bh6 18. Qf2 O-O 19. Nf6+ Kh8 20. Nf5 Bg5
21. Qe2 Bxf5 22. Qxh5+ Kg7 23. Qxg5+ Bg6 24. Ng4 Rh8 25. Rxf7+ $1 $18) 16. Nb3
Be7 (16... Qb4 17. Kh1 Na4 18. Nxa4 Qxa4 19. Qg5 $1 $16 {1-0 Spasov,L-Tukmakov,
V/Ybbs olm st 1968 (23)}) 17. Qe2 (17. Kh1 Nd7 18. Qe2 h4 19. Ne4 (19. Bh5 Nf6
$17) 19... f5 20. Bh5+ Kd8 $17) 17... Nxb3 18. Rxb3 Qa5 (18... Qc5+ 19. Kh1 Bd8
20. Bxh5 Rh7 21. Ne4 $18) 19. Bxh5 $16) 15. fxe5 Bh6 $1 (15... fxe5 16. Nb3 $16
{like in previous variation}) 16. Qe1 f5 $15 {The openning battle was finished
for the benefit of black.} 17. Kh1 (17. Bxh5 Bg7 18. g4 (18. Bf3 Nd7 19. Bxb7
Bxe5 20. Bxa8 Bxd4+ 21. Kh1 Qxc3 $17) 18... Na4 19. Nb3 Nb6 20. Qg3 (20. Ne4
fxe4 21. Bxf7+ Kd8 22. Qxe4 Kc7 $17) 20... Nc4 (20... Kf8 $15) 21. Rbe1 Qf8 $15
(21... Bd7 22. gxf5 Bxe5 23. Bxf7+ $18)) 17... Bd7 18. Bxh5 $2 $19 (18. Bxb7
$142 Nxb7 19. Rxb7 Rg8 (19... Rc8 20. Rf3 Qc5 $132) 20. Rf3 Qc5 21. Nb3 Qc8 22.
Rb6 Bc6 23. Rg3 Rxg3 24. Qxg3 Qc7 $15) 18... Bg7 19. Bf3 {[%csl Ra2,Rc2,Re5]
The position white is full of weaknesses} Rc8 {[%cal Gc8c3]} 20. Nd1 (20. Rd1
b5 $19) 20... b5 21. Nf2 Qxa2 22. g4 Kf8 (22... Qa4 23. Rd1 Rd8 $19) (22... Rd8
$19) 23. Rg1 Ne4 (23... Rd8 $19) 24. Nxe4 fxe4 25. Qxe4 Qd5 26. Qxd5 (26. Rge1
Qxe4 27. Rxe4 Rc5 28. Rbe1 Ke7 $19) 26... exd5 27. Rge1 Re8 28. Bxd5 Rxe5 29.
Rxe5 Bxe5 30. Nf3 Bc3 31. Ng5 (31. g5 a5 32. h4 b4 33. Kg2 a4 (33... Bf5 34.
Bb3 $17) 34. Rf1 Ke7 35. Kg3 Be6 36. Bxe6 Kxe6 37. Rd1 a3 38. Nd4+ Bxd4 39.
Rxd4 a2 40. Rd1 Rc8 $19) 31... Bxg4 32. Bxf7 Ke7 33. Kg2 Bd2 34. Kg3 Bf5 35.
Rf1 (35. Nf3 Rh3+ 36. Kg2 Rxf3 37. Kxf3 Kxf7 $19) 35... Bxc2 36. Nf3 Kxf7 37.
Nxd2+ Ke7 38. Ra1 {Last hope white - to receive drawn endgame with the bishop
and pawn "H" .} (38. Rc1 Rc8 $19) 38... Rh6 39. Kf4 $6 (39. Ra2 Bd3 (39... Bh7
40. h4 Bg8 $19) 40. h4 b4 41. Ra4 Rb6 42. Ra2 b3 43. Rb2 Bc2 $19) 39... Rxh2
40. Nf3 (40. Ke3 Rh3+ 41. Nf3 Ba4 (41... b4 42. Rxa6 b3 43. Rb6 Bd1 44. Kd2
Bxf3 45. Rxb3 $44) 42. Ke4 Kd6 43. Nd4 Rc3 $19) 40... Rh6 41. Nd4 Rh4+ 42. Ke5
Rh5+ 43. Kf4 Ba4 44. Rc1 Kd7 45. Ke4 a5 46. Kd3 b4 47. Rg1 Kd6 48. Rg8 Bd7 49.
Ra8 Rh3+ 50. Kc2 a4 51. Ra5 Rh2+ 52. Kd3 b3 0-1